|
|
|
|
| LEADER |
00000nam0a2200000 4500 |
| 001 |
281045 |
| 005 |
20231101235350.0 |
| 020 |
|
|
|a RU
|b 86-60809
|
| 035 |
|
|
|a (RuTPU)RU\TPU\book\304647
|
| 090 |
|
|
|a 281045
|
| 100 |
|
|
|a 20150116d1986 m y0rusy5003 ca
|
| 101 |
0 |
|
|a rus
|
| 102 |
|
|
|a UA
|
| 105 |
|
|
|a y z 001zy
|
| 200 |
1 |
|
|a Планирование технико-организационного развития предприятий
|f под ред. Р. А. Коломиеца
|
| 210 |
|
|
|a Харьков
|c Вища школа
|d 1986
|
| 215 |
|
|
|a 120 с.
|c диагр.
|
| 320 |
|
|
|a Библиогр.: с. 102-104 (79 назв.)
|
| 606 |
1 |
|
|a Промышленность
|x Планирование
|2 stltpush
|3 (RuTPU)RU\TPU\subj\52327
|9 70813
|
| 610 |
1 |
|
|a промышленные предприятия
|
| 610 |
1 |
|
|a производительность
|
| 610 |
1 |
|
|a трудовая деятельность
|
| 610 |
1 |
|
|a технико-организационные основы
|
| 610 |
1 |
|
|a технико-организационный уровень
|
| 610 |
1 |
|
|a станкостроение
|
| 675 |
|
|
|a 658.012.2
|v 3
|
| 702 |
|
1 |
|a Коломиец
|b Р. А.
|g Раиса Алексеевна
|4 340
|
| 801 |
|
0 |
|a RU
|b RuMRKP
|c 19950704
|g psbo
|
| 801 |
|
1 |
|a RU
|b 63413507
|c 20150116
|
| 801 |
|
2 |
|a RU
|b 63413507
|c 20170324
|g RCR
|
| 942 |
|
|
|c BK
|